00419 2200181 4500001002100000005001500021035002000036008004100056245002700097100001400124250000600138260003400144300001100178084001400189082000800203650001400211990001200225INLIS00000000000015020240502112250 a0010-0424000126240502 0 ind 1 aAsparagus /cHariyanto aHariyanto a1 aSolo :bTiga Serangkai,c2008 a54 hlm a600 HAR a a600 4aNon Fiksi a0732505